Dragon Ball Z, de A à Z - Statistiques

Statistiques générales
  • Ce quiz a été pris 988 fois
  • Le résultat moyen est 17 sur 26
Statistiques - réponses
Questions Réponses % Correct
Prénom du créateur de cette oeuvre Akira
95%
Mère d un Saiyan voyageur temporel Bulma
88%
Planète de naissance de Dende Namek
88%
Constituée de l énergie des terriens, cette attaque viendra à bout de Buu Genkidama
87%
Pays d origine d Akira Toriyama, l illustre papa de Dragon Ball Japon
87%
Nom de naissance de Goku Kakarot
86%
Le plus fier des Saiyens !!! Vegeta
86%
Roi des enfers ensorcelé par Babidi Dabra
82%
Partie du corps de Freezer que Krilin parvient à couper Queue
82%
Pere du tyran Freezer Cold
79%
Faculté que souhaite obtenir Freezer grâce aux Dragon Ball Immortalité
78%
Le Dr Brief est celui de Bulma Père
77%
Celui de Goku fut le premier à atteindre le Super Saiyan 2 Fils
76%
C'est ce personnage qui révélera les origines de Goku, très mauvais tonton Raditz
76%
Après la mort, il décide du passage des âmes au paradis ou en enfer Enma
71%
Cha la head cha la est celui de l anime Opening
65%
Nombre d humain ayant déjà lance le Genkidama Un
59%
Cette console de Nintendo a mis la saga à l honneur avec les Tenkaichi 2 et 3 Wii
56%
Élément dont se nourrit le monstre Yakon Lumière
55%
Au service de Freezer, il évite de recourir à sa transformation du fait de sa laideur Zabon
50%
Forme qui permit à Toriyama de ne plus avoir à faire l'ancrage des cheveux de Goku Super Saiyan
48%
Gardien du palais de Kami, il aidera les Z fighters en menant Bulma au vaisseau Namek Mr Popo
42%
Le seul chapitre hors série paru dans le manga raconte celle de Trunks Histoire
40%
Peuple qui enseignera la téléportation à Goku Yardrat
35%
Toriyama s'est inspiré de cette race de monstres terrifiante du cinéma pour la seconde transformation de Freezer Xenomorphe
30%
Attaque de diversion maîtrisée par Tien Shin Han, Goku, Krilin et Cell Taiyoken
23%
Aucun quiz correspondant
Distribution des résultats
% des personnes avec chaque résultat
Percentile par nombre de réponses
Votre historique - résultats
Vous n’avez pas pris ce quiz